| 000 | 00432nam a2200181Ia 4500 | ||
|---|---|---|---|
| 008 | 210210b1964 xxu||||| |||| 00| 0 eng d | ||
| 041 | _aeng | ||
| 082 | _a520/25 | ||
| 100 | _aBONNOR (William) | ||
| 245 | _aMystery of the expanding universe | ||
| 260 |
_aNew York _bThe Macmillan Co _c1964 |
||
| 300 | _axii,212 | ||
| 650 | _auniverse | ||
| 650 | _aMystery | ||
| 650 | _aexpanding | ||
| 690 | _aAstronomy | ||
| 906 | _a008010 | ||
| 999 |
_c125876 _d125876 |
||